000 00299nam a22001337a 4500
008 180903b xxu||||| |||| 00| 0 eng d
020 _a9780028172989
041 _aeng
080 _a371
100 _a25
101 _aEDU
245 _aGrammar and Composition Handbook
_cGlencoe
942 _2udc
_cBK
999 _c47442
_d47442